000 00967nam a2200325 a 4500
001 vtls000377983
003 NLI
005 20210602180903.0
008 110113s2005 ii 001 0 eng
020 _a0761933883
_cRs. 650.00
039 9 _y201101132330
_zVLOAD
040 _aNLI :
_beng
_cNLMARC21
041 0 _aeng
044 _aii
082 0 4 _a306.850954
_222
245 0 4 _aThe family in India :
_bstructure and practice/
_cEditor: Tulsi Patel ; foreword by A.M. Shah
260 _aNew Delhi :
_bSAGE,
_c2005
300 _a310 p.;
_c22 cm.
440 0 _aThemes in India sociology
_vno.6
_9562951
504 _aIncludes bibliographical references and index
650 0 _aFamily
_zIndia
_966394
700 1 _aPatel, Tulsi
_4edt
_9334253
887 _aPranati
901 _aDB98288
_b28.9.05
902 _aE306.850954 F21t
904 _aPranati
942 _2ddc
_cBKS
949 _AVIRTUAITEM
_D10000
_X100
_6DBA000098288ENG
999 _aVIRTUA40
_c334875
_d334875